| 000 | 00929nam a22002657a 4500 | ||
|---|---|---|---|
| 999 |
_c19270 _d19270 |
||
| 003 | AR-CdUCM | ||
| 008 | 190517b ||||| |||| 00| 0 spa d | ||
| 020 | _a84-314-0294-6 | ||
| 040 |
_aMUNICIPALIDAD PROVINCIAL DEL CUSCO _cBIBLIOTECA MUNICIPAL DEL CUSCO |
||
| 041 | _hger | ||
| 082 |
_a574.87 / _bW44 |
||
| 100 |
_aWelsch, Ulrich _940512 |
||
| 245 | _aEstudio comparado de la citología e histología animal / | ||
| 260 |
_aBilbao : _bEdiciones Urmo, _c1980. |
||
| 300 |
_a365 páginas ; _bfiguras, _c25 cm. |
||
| 505 | _aContenido: La célula -- Tejidos -- Tegumento -- Células sensoriales -- Sistema nervioso -- Órganos endocrinos ... | ||
| 650 |
_aCitología _918925 |
||
| 650 |
_aHistología _923982 |
||
| 650 |
_aCélulas _918534 |
||
| 700 |
_aStorch, Volker (coautor) _940513 |
||
| 700 |
_aMoya, Jesús _940514 |
||
| 700 |
_aRallo, Ana (traductores) _940515 |
||
| 942 |
_2ddc _cLIBROS |
||
| 945 |
_aachl _d2019-05-17 |
||